Datum a čas kvízu
35
Celkem bodů
Celkový počet nahraných bodů na tomto kvízu bez doplňovacích otázek.
4.
Pořadí na kvízu
Konečné umístění týmu na tomto kvízu.
Zaznamenané odpovědi
| # | Otázka | Odpověď | Body | Výsledky |
|---|---|---|---|---|
| 1. | Minulý týden se v pražských Z... | Bolt | 0 | |
| 2. | Ke dvěma a půl letům vězení by... | D | 0 | |
| 3. | Pod kterým pseudonymem působí... | Nemo | 1 | |
| 4. | Objem daňových nedoplatků za l... | Česká správa sociálního zabezpečení | 1 | |
| 5. | Basketbalová NBA zná svého nej... | Nikola Jokić | 1 | |
| 6. | Podíváme se do zemí či krajů,... | Muž z Acapulca | 1 | |
| 7. | Ve filmu Tři veteráni ztvárnil... | B | 1 | |
| 8. | Brobdingnag, Laputa, Balnibarb... | Gulliverovy cesty, Jonathan Swift | 0.5 | |
| 9. | Přiřaďte tyto postavy z knižní... | 1C 2B 3D 4A | 1 | |
| 10. | Které drama režiséra Vladimíra... | Je třeba zabít Sekala | 0 |